Catálogo
 En Linea

El caballo : (Registro nro. 18817)

Detalles MARC
000 -CABECERA
campo de control de longitud fija 00896nam a2200265 a 4500
001 - NÚMERO DE CONTROL
campo de control 000019299
005 - FECHA Y HORA DE LA ÚLTIMA TRANSACCIÓN
campo de control 20260528153546.0
008 - DATOS DE LONGITUD FIJA--INFORMACIÓN GENERAL
campo de control de longitud fija 100601s19uu sp ac 001 0 spa d
020 ## - NÚMERO INTERNACIONAL ESTÁNDAR DEL LIBRO
Número Internacional Estándar del Libro 8430597433
040 ## - FUENTE DE LA CATALOGACIÓN
Centro catalogador/agencia de origen DO-SdBNP
Lengua de catalogación spa
Centro/agencia transcriptor BNPHU
082 ## - NÚMERO DE LA CLASIFICACIÓN DECIMAL DEWEY
Número de clasificación R 636.1
Número de documento/Ítem Z88c
049 ## - FONDOS LOCALES (OCLC)
Fondos de biblioteca BNPD
100 1# - ENTRADA PRINCIPAL--NOMBRE DE PERSONA
Nombre de persona Zorzan, Cinzia
9 (RLIN) 41496
245 13 - MENCIÓN DE TÍTULO
Título El caballo :
Resto del título ... las razas, la psicología, la alimentación, los primeros auxilios ... /
Mención de responsabilidad, etc. Cinzia Zorzan; traducción Lola Iglesias.
260 ## - PUBLICACIÓN, DISTRIBUCIÓN, ETC.
Lugar de publicación, distribución, etc. Madrid :
Nombre del editor, distribuidor, etc. Susaeta,
Fecha de publicación, distribución, etc. [19--?].
300 ## - DESCRIPCIÓN FÍSICA
Extensión 111 p. :
Otras características físicas il., retrs. ;
Dimensiones 22 cm.
490 0# - MENCIÓN DE SERIE
Mención de serie Pequeñas joyas
650 #4 - PUNTO DE ACCESO ADICIONAL DE MATERIA--TÉRMINO DE MATERIA
Término de materia o nombre geográfico como elemento de entrada Alimentos para caballos
9 (RLIN) 41497
650 #4 - PUNTO DE ACCESO ADICIONAL DE MATERIA--TÉRMINO DE MATERIA
Término de materia o nombre geográfico como elemento de entrada Caballos
Subdivisión general Enfermedades
9 (RLIN) 41498
650 #4 - PUNTO DE ACCESO ADICIONAL DE MATERIA--TÉRMINO DE MATERIA
Término de materia o nombre geográfico como elemento de entrada Cría de caballos
9 (RLIN) 41499
650 #0 - PUNTO DE ACCESO ADICIONAL DE MATERIA--TÉRMINO DE MATERIA
Término de materia o nombre geográfico como elemento de entrada Razas de caballos
9 (RLIN) 41500
700 1# - PUNTO DE ACCESO ADICIONAL--NOMBRE DE PERSONA
Nombre de persona Iglesias, Lola,
Término indicativo de función/relación tr.
9 (RLIN) 41501
830 #1 - PUNTO DE ACCESO ADICIONAL DE SERIE-TÍTULO UNIFORME
Título uniforme Pequeñas joyas
9 (RLIN) 41502
910 ## - DATOS DE OPCIÓN DEL USUARIO (OCLC)
Datos de opción del usuario Validado. Control de calidad EMS.
Existencias
Estado de retiro Estado de pérdida Restricciones de uso No para préstamo Código de colección Localización permanente Ubicación/localización actual Ubicación en estantería Fecha de adquisición Número de inventario Total de préstamos Signatura topográfica completa Código de barras Fecha visto por última vez Precio válido a partir de Tipo de ítem Koha Número de copia
      Excluido de préstamo Monografías: Libros y Folletos General General Depósito 01.06.2010 LF1   R 636.1 Z88c 19299-10 25.06.2020 25.06.2020 No se presta  
      Excluido de préstamo Monografías: Libros y Folletos General General Depósito 01.06.2010 LF1   R 636.1 Z88c 19299-20 25.06.2020 25.06.2020 No se presta e. 2

Con tecnología Koha